ARRUPE JESUIT UNIVERSITY

CORONAVIRUS -STOP THE SPREAD - CLEAN,DISINFECT,COVER

Philosophy of technology : (Record no. 131090)

MARC details
000 -LEADER
fixed length control field 01938cam a22003614a 4500
001 - CONTROL NUMBER
control field 14093725
003 - CONTROL NUMBER IDENTIFIER
control field ARRUPE
005 - DATE AND TIME OF LATEST TRANSACTION
control field 20211102120317.0
008 - FIXED-LENGTH DATA ELEMENTS--GENERAL INFORMATION
fixed length control field 050831s2006 mau b 001 0 eng
010 ## - LIBRARY OF CONGRESS CONTROL NUMBER
LC control number 2005025431
020 ## - INTERNATIONAL STANDARD BOOK NUMBER
International Standard Book Number 1405111623 (hc. : alk. paper)
020 ## - INTERNATIONAL STANDARD BOOK NUMBER
International Standard Book Number 1405111631 (pbk. : alk. paper)
020 ## - INTERNATIONAL STANDARD BOOK NUMBER
International Standard Book Number 9781405111621
020 ## - INTERNATIONAL STANDARD BOOK NUMBER
International Standard Book Number 9781405111638
035 ## - SYSTEM CONTROL NUMBER
System control number (OCoLC)ocm61461614
040 ## - CATALOGING SOURCE
Original cataloging agency DLC
Transcribing agency DLC
Modifying agency BAKER
-- BWKUK
-- DLC
042 ## - AUTHENTICATION CODE
Authentication code pcc
050 00 - LIBRARY OF CONGRESS CALL NUMBER
Classification number T14
Item number .D86 2006
082 00 - DEWEY DECIMAL CLASSIFICATION NUMBER
Classification number 601
Edition number 22
300 ## - PHYSICAL DESCRIPTION
Dimensions 24 cm.
100 1# - MAIN ENTRY--PERSONAL NAME
Personal name Dusek, Val,
Dates associated with a name 1941-
9 (RLIN) 50934
245 10 - TITLE STATEMENT
Title Philosophy of technology :
Remainder of title an introduction /
Statement of responsibility, etc Val Dusek.
260 ## - PUBLICATION, DISTRIBUTION, ETC. (IMPRINT)
Place of publication, distribution, etc Malden, MA ;
-- Oxford
Name of publisher, distributor, etc Blackwell Pub.,
Date of publication, distribution, etc 2006.
300 ## - PHYSICAL DESCRIPTION
Extent v, 244 p. ;
504 ## - BIBLIOGRAPHY, ETC. NOTE
Bibliography, etc Includes bibliographical references (p. 211-233) and index.
505 0# - FORMATTED CONTENTS NOTE
Formatted contents note Philosophy of science and technology -- What is technology? : defining or characterizing technology -- Technocracy -- Rationality, technological rationality, and reason -- Phenomenology, hermeneutics, and technology -- Technological determinism -- Autonomous technology -- Human nature : tool-making or language? -- Women, feminism, and technology -- Non-western technology and local knowledge -- Anti-technology : romanticism, Luddism, and the ecology movement -- Social constructionism and actor-network theory.
650 #0 - SUBJECT ADDED ENTRY--TOPICAL TERM
Topical term or geographic name as entry element Technology
General subdivision Philosophy.
9 (RLIN) 13704
856 41 - ELECTRONIC LOCATION AND ACCESS
Materials specified Table of contents
Uniform Resource Identifier <a href="http://www.loc.gov/catdir/toc/ecip0518/2005025431.html">http://www.loc.gov/catdir/toc/ecip0518/2005025431.html</a>
856 42 - ELECTRONIC LOCATION AND ACCESS
Materials specified Contributor biographical information
Uniform Resource Identifier <a href="http://www.loc.gov/catdir/enhancements/fy0802/2005025431-b.html">http://www.loc.gov/catdir/enhancements/fy0802/2005025431-b.html</a>
856 42 - ELECTRONIC LOCATION AND ACCESS
Materials specified Publisher description
Uniform Resource Identifier <a href="http://www.loc.gov/catdir/enhancements/fy0802/2005025431-d.html">http://www.loc.gov/catdir/enhancements/fy0802/2005025431-d.html</a>
906 ## - LOCAL DATA ELEMENT F, LDF (RLIN)
a 7
b cbc
c orignew
d 1
e ecip
f 20
g y-gencatlg
942 ## - ADDED ENTRY ELEMENTS (KOHA)
Source of classification or shelving scheme Library of Congress Classification
Koha item type Monograph ( Printed materials)
Holdings
Withdrawn status Lost status Source of classification or shelving scheme Damaged status Not for loan Collection code Home library Current library Shelving location Date acquired Total Checkouts Full call number Barcode Date last seen Price effective from Koha item type
    Library of Congress Classification     Main Collection ARRUPE LIBRARY ARRUPE LIBRARY Main Collection 02/11/2021   T14 .D86 2006 46600007083 02/11/2021 02/11/2021 Monograph ( Printed materials)

 

Arrupe Library. PO Box MP320 Mt Pleasant, Harare, Zimbabwe
263 242 745411|librarian@aju.ac.zw